000 01022naa a2200277 c 4500
001 29844
003 ES-MaCES
005 20150925133426.0
008 960620n1995 it ||| | ita d
035 _aCES19980037897v
040 _aES-MaCES
_bspa
_cES-MaCES
100 1 _aHyde, Alan
_915083
245 1 0 _aPropietà, contratto e strategie nella protezione dei lavoratori contro i rischi
_cdi Alan Hyde
650 4 _aEstados Unidos
_928373
650 4 _aseguridad en el empleo
_928301
650 4 _acontrato de trabajo
_928316
650 4 _atrabajador
_928414
650 4 _aparticipación obrera por acciones
_928394
650 4 _aparticipación de los trabajadores
_928378
653 1 0 _aRelaciones laborales-Empleo
650 4 _928178
_aempresa
773 0 _tGiornale di diritto del lavoro e di relazioni industriali
_gMilano. - Anno 17, n. 67 (3er. trimestre 1995) ; p. 369-402
_w(ES-MaCES)25175
902 _aART Artículo de revista
942 _2CES
_cAR
_h2.0.
999 _c29844
_d29844